Diccionario comentado mapuche-español /
Guardado en:
| Autor Principal: | |
|---|---|
| Formato: | Libro |
| Publicado: |
Bah¡a Blanca :
Universidad Nacional del Sur / Instituto de Humanidades,
1960
|
| Etiquetas: |
Agregar Etiqueta
Sin Etiquetas, Sea el primero en etiquetar este registro!
|
| LEADER | 00538nam a22001575a 4500 | ||
|---|---|---|---|
| 001 | CEM.cems008871 | ||
| 005 | 20060214000000.0 | ||
| 008 | 130507s1960##################000#0#####d | ||
| 003 | CEMS | ||
| 082 | 0 | 4 | |a C498.273 |
| 100 | 1 | |a Erize, Esteban | |
| 245 | 1 | 0 | |a Diccionario comentado mapuche-español / |
| 260 | |a Bah¡a Blanca : |b Universidad Nacional del Sur / Instituto de Humanidades, |c 1960 | ||
| 300 | |a 550 p.1 | ||
| 859 | |a CEMS |b BIB. CEMS - 11 de abril |h C498.273 |i Er47 |p 104.99 |t Ej.2 | ||
| 859 | |a CEMS |b BIB. CEMS - 11 de abril |h C498.273 |i Er47 |p 1148.73 |t Ej.1 | ||
